Textbook of Biochemistry for Medical Students / (Record no. 1721)

MARC details
000 -LEADER
Fixed length control field 00659nam a2200229Ia 4500
003 - CONTROL NUMBER IDENTIFIER
Control field IIN
005 - DATE AND TIME OF LATEST TRANSACTION
Control field 20250328155550.0
008 - FIXED-LENGTH DATA ELEMENTS--GENERAL INFORMATION
Fixed length control field 250328s9999 xx acf 001 0 eng d
020 ## - INTERNATIONAL STANDARD BOOK NUMBER / ISBN
Price Rs.1750.00
International Standard Book Number 9789356963290
040 ## - CATALOGING SOURCE
Original cataloging agency IIN
Language of cataloging English
082 ## - DEWEY DECIMAL CLASSIFICATION NUMBER
Classification number 612.015
Book Number VAS
100 1# - MAIN ENTRY--PERSONAL NAME
Personal name Vasudevan, D.M.
245 1# - TITLE STATEMENT
Title Textbook of Biochemistry for Medical Students /
Statement of responsibility D.M. Vasudevan, Sreekumari S and Kannan Vaidyanathan
250 ## - EDITION STATEMENT
Edition statement 10th ed.
260 ## - IMPRINT
Name of publisher Jaypee
Place of publication New Delhi
Date of publication 2023
300 ## - PHYSICAL DESCRIPTION
Page / Vol. No xxvi, 894 p.
Other physical details col. ill.
500 ## - GENERAL NOTE
General note Includes Index
650 1# - SUBJECT ADDED ENTRY--TOPICAL TERM
Topical term Biochemistry
700 1# - ADDED ENTRY--PERSONAL NAME
Personal name Sreekumari S.
700 1# - ADDED ENTRY--PERSONAL NAME
Personal name Vaidyanathan, Kannan
942 ## - ADDED ENTRY ELEMENTS (KOHA)
Koha item type Books
Holdings
Withdrawn status Lost status Source of classification Damaged status Not for loan Collection code Home library Current library Shelving location Date acquired Price Total Checkouts Call number Accession number Date last seen Price effective from Koha item type
    Dewey Decimal Classification     Purches Book IDEAL INSTITUTE OF NURSING IDEAL INSTITUTE OF NURSING General Stacks 11/03/2025 1750.00   612.015 VAS 1761 28/03/2025 28/03/2025 Books
© Ideal Institute Of Nursing, All rights reserved.         Powered by Koha